000 01741nam0a2200361 4500
001 RU\NLR\bibl\892466
005 20250614173034.0
010 _a5-902-369-03-7
_bв обл.
_92000
021 _aRU
_b2005-32105
_91603
035 _a(nilc)RSL-KNO-002605547
035 _a(NLR Aleph) 000880957
090 _a1658603
_c1658603
100 _a20050527d2005 |||y0rusy50 ca
101 0 _arus
102 _aRU
105 _aa |||||||||
106 _ar
200 1 _aРеанимация
_eучеб. пособие
_fГ. Г. Жданов
_gМ-во здравоохранения Рос. Федерации, Всерос. учеб.-науч.-метод. центр по непрерыв. мед. и фармацевт. образованию, Сарат. гос. мед. ун-т
210 _aСаратов
_cСаратовский гос. мед. ун-т
_d2005
_gОАО Можайский полигр. комб.
215 _a88, [1] c.
_cил.
_d21
320 _aБиблиогр.: с. 80 (12 назв.)
606 1 _aРеанимация
_jУчебные издания
_92126163
_3RU\NLR\auth\661283337
610 0 _aЗдравоохранение. Медицинские науки -- Общая терапия -- Неотложная терапия -- Клиническая реанимация -- Практические руководства. Методические рекомендации
686 _aР35,33я81
_2rubbk
686 _aР35,33я7
700 1 _aЖданов
_bГ. Г.
_gГерман Георгиевич
_4070
801 0 _aRU
_bRuMoRKP
_c20050527
_grcr
801 1 _aRU
_bRuMoRGB
_c20050527
801 2 _aRU
_bNLR
_c20051222
_grcr
830 _aавт. по кн.
942 _cBOOK
980 _aNB